000 00903 a2200301 4500
001 200129578
650 0 _aLaw
_zTurkey
_xHistory
_9106912
650 0 _aHukuk
_zTürkiye
_xTarih
_915230
999 _c200129578
_d31491
003 TR-AnTOB
005 20251209095934.0
008 130530s1989 tu 000 0
020 _a9754480206 (v.1)
020 _a9754480192 (v.2)
040 _aTR-AnTOB
041 _atur
050 0 _aKKX120
_b.C56 1989
090 _aKKX120 .C56 1989
100 1 _aCin, Halil
_989938
245 1 0 _aTürk hukuk tarihi /
_cHalil Cin, Ahmet Akgündüz.
264 1 _aKonya :
_bSelçuk Üniversitesi,
_c1989.
300 _av. <1,2 > ;
_c25 cm.
490 0 _aSelçuk Üniversitesi Yayınları ;
_v58-59.
504 _aIncludes bibliographical references and indexes.
505 0 _av.1.Kamu hukuku -- v.2.Özel hukuk.
700 1 _aAkgündüz, Ahmet,
_d1955-
_9150218
942 _cBK